000
00261nam a22001217a 4500
008
181101b xxu||||| |||| 00| 0 eng d
041
_a
eng
080
_a
616
100
_a
5
101
_a
ANE
245
_a
Interoduction Anesthesia
_c
Drips.E
942
_2
udc
_c
BK
999
_c
51450
_d
51450